[Event "Superettan(Kristallen-Rockaden,SthlmII)"]
[Site "?"]
[Date "2019.03.31"]
[Round "9"]
[White "Tuomainen, Felix"]
[Black "Persson, Andreas"]
[Result "1/2-1/2"]
[WhiteElo "2194"]
[BlackElo "2107"]
[PlyCount "120"]
1. d4 Nf6 2. c4 e6 3. Nc3 Bb4 4. Qc2 O-O 5. Nf3 d5 6. cxd5 exd5 7. Bg5 h6 8.
Bxf6 Qxf6 9. e3 c5 10. a3 Bxc3+ 11. Qxc3 c4 12. b3 b5 13. a4 b4 14. Qxb4 Na6
15. Qc3 cxb3 16. Qxb3 Rb8 17. Qd1 Bf5 18. Bd3 Bxd3 19. Qxd3 Nb4 20. Qd1 Qa6 21.
Qe2 Nd3+ 22. Kf1 Rb2 23. Nd2 Rc8 24. g3 Qa5 25. Qxd3 Rxd2 26. Qb3 Qc3 27. Qxc3
Rxc3 28. Rg1 Rcc2 29. Rg2 Kh7 30. h3 Kg6 31. Kg1 Kf5 32. Rb1 Rb2 33. g4+ Ke6
34. Rc1 Rdc2 35. Re1 a5 36. e4 Re2 37. exd5+ Kxd5 38. Rc1 Rbc2 39. Rb1 Rb2 40.
Rc1 Rec2 41. Re1 Re2 42. Rxe2 Rxe2 43. Rg3 Kxd4 44. Rf3 f6 45. Rb3 Re7 46. Rb5
Re5 47. Rb7 Rg5 48. f4 Rc5 49. Rxg7 Ke3 50. Kg2 Kxf4 51. Rg6 Rc2+ 52. Kf1 Kg3
53. Rxf6 Kxh3 54. Rxh6+ Kxg4 55. Rg6+ Kf3 56. Ke1 Ke3 57. Kd1 Rc5 58. Rd6 Rc4
59. Rd5 Rxa4 60. Kc2 Rc4+ 1/2-1/2

[Event "Superettan(Alingsas-Vasteras II)"]
[Site "?"]
[Date "2019.03.31"]
[Round "9"]
[White "Gillefalk, Bjorn"]
[Black "Bergre, Joachim"]
[Result "1-0"]
[WhiteElo "2092"]
[BlackElo "1944"]
[PlyCount "55"]
1. e4 d6 2. d4 g6 3. Nc3 Bg7 4. f4 a6 5. Nf3 b5 6. Be3 Nd7 7. Qd2 Bb7 8. Bd3 c5
9. d5 Rc8 10. a3 Qc7 11. O-O Ngf6 12. h3 O-O 13. f5 Nb6 14. Bh6 b4 15. axb4
cxb4 16. Bxg7 Kxg7 17. Ne2 Qc5+ 18. Kh2 Nc4 19. Qg5 h6 20. Qh4 Qe3 21. fxg6
fxg6 22. Ned4 Ne5 23. Ne6+ Kh7 24. Nxe5 dxe5 25. Nxf8+ Rxf8 26. Bxa6 Bxa6 27.
Rxa6 Qe2 28. Rfxf6 1-0

[Event "Superettan(Upsala-Manhem)"]
[Site "?"]
[Date "2019.03.31"]
[Round "9"]
[White "Svensson, Mans"]
[Black "Bengtsson, Jonas"]
[Result "1/2-1/2"]
[WhiteElo "2147"]
[BlackElo "2122"]
[PlyCount "120"]
[EventDate "2019.??.??"]
1. d4 Nf6 2. c4 e6 3. Nc3 Bb4 4. Nf3 c5 5. g3 cxd4 6. Nxd4 O-O 7. Bg2 d5 8. Qb3
Bxc3+ 9. bxc3 e5 10. Nf3 dxc4 11. Qxc4 Nc6 12. O-O Qc7 13. Rd1 Be6 14. Qc5 h6
15. Ba3 Rfd8 16. Nd2 Bd5 17. Bh3 b6 18. Qe3 Na5 19. Rdc1 Nc4 20. Nxc4 Bxc4 21.
Rc2 e4 22. Re1 Qe5 23. Qc1 Rd5 24. Bg2 Rad8 25. Qb2 h5 26. Qb4 b5 27. Qe7 Qf5
28. Rcc1 h4 29. Qxa7 hxg3 30. fxg3 R5d7 31. Qe3 Qh5 32. h3 Re8 33. Qf4 Nd5 34.
Qg4 Qxg4 35. hxg4 Ra7 36. Bc5 Rxa2 37. Kf2 Kh7 38. Rh1+ Kg6 39. Bf1 Nf6 40. Rh4
Re6 41. Be3 Rea6 42. g5 Nd5 43. Rxe4 Nxe3 44. Kxe3 Kxg5 45. Kf2 Rf6+ 46. Kg1
Rd6 47. Kf2 Rdd2 48. Ke1 f5 49. Re7 g6 50. Kf2 Kg4 51. Re5 g5 52. Re3 f4 53.
gxf4 Kxf4 54. Rf3+ Kg4 55. Rg3+ Kh5 56. Re3 g4 57. Kg3 Bxe2 58. Re5+ Kg6 59.
Bxe2 Rxe2 60. Rxe2 Rxe2 1/2-1/2

[Event "Superettan(Kristallen-Rockaden,SthlmII)"]
[Site "?"]
[Date "2019.03.31"]
[Round "9"]
[White "Gamback, Bjorn"]
[Black "Nikolic, Vladan"]
[Result "1/2-1/2"]
[WhiteElo "2096"]
[BlackElo "2157"]
[PlyCount "43"]
1. Nf3 Nf6 2. c4 e6 3. b3 d5 4. e3 Be7 5. Bb2 O-O 6. Be2 b6 7. d3 Bb7 8. Nbd2
c5 9. O-O Nbd7 10. cxd5 Nxd5 11. a3 Bf6 12. Qc2 Bxb2 13. Qxb2 Qe7 14. d4 Rad8
15. Rac1 cxd4 16. Nxd4 e5 17. Nf5 Qg5 18. Ng3 f5 19. Bc4 Kh8 20. Nf3 Qf6 21.
Rfd1 Ne7 22. Be2 1/2-1/2

[Event "Superettan(Alingsas-Vasteras II)"]
[Site "?"]
[Date "2019.03.31"]
[Round "9"]
[White "Wallenas, Joakim"]
[Black "Nordebrink, Johan"]
[Result "1-0"]
[WhiteElo "1963"]
[BlackElo "2117"]
[PlyCount "101"]
1. e4 a6 2. Nf3 c5 3. d4 cxd4 4. Nxd4 e5 5. Nb3 Nf6 6. Nc3 Bb4 7. Bd2 O-O 8.
Bd3 Nc6 9. a3 Bxc3 10. Bxc3 d5 11. Qe2 Bg4 12. f3 dxe4 13. Bxe4 Nxe4 14. Qxe4
Be6 15. Nd2 Bd5 16. Qd3 Be6 17. Qxd8 Rfxd8 18. O-O-O Rac8 19. Rhe1 f6 20. Ne4
Rxd1+ 21. Rxd1 Rd8 22. Nc5 Rxd1+ 23. Kxd1 Bc8 24. Ne4 Be6 25. Nd6 b6 26. b3 Kf8
27. Bb4 Nxb4 28. axb4 Ke7 29. Ne4 f5 30. Ng5 Bg8 31. Kd2 h6 32. Nh3 Kd6 33. c4
g5 34. Nf2 Be6 35. g4 Bd7 36. Ke3 f4+ 37. Kd3 a5 38. bxa5 bxa5 39. Ne4+ Kc6 40.
Nf6 Bc8 41. Ng8 Kc5 42. Nxh6 Kb4 43. Kc2 Bb7 44. Nf7 e4 45. Nxg5 e3 46. h4 Bc6
47. h5 Be8 48. c5 e2 49. Kd2 Kxb3 50. h6 Bg6 51. c6 1-0

[Event "Superettan(Upsala-Manhem)"]
[Site "?"]
[Date "2019.03.31"]
[Round "9"]
[White "Troedsson, Anton"]
[Black "Sittenfeld, Johan"]
[Result "1-0"]
[WhiteElo "1968"]
[BlackElo "2153"]
[PlyCount "91"]
1. Nf3 Nf6 2. b3 d5 3. Bb2 e6 4. g3 Be7 5. Bg2 O-O 6. O-O b6 7. d4 Bb7 8. Nbd2
c5 9. c4 Nc6 10. e3 Rc8 11. Rc1 cxd4 12. Nxd4 Nxd4 13. Bxd4 Ba3 14. Rc2 Qe7 15.
Qa1 Rfd8 16. Nb1 Bd6 17. Rfc1 e5 18. Bb2 Re8 19. Nd2 Qd7 20. cxd5 Rxc2 21. Rxc2
Bxd5 22. Bxd5 Nxd5 23. Nc4 Bc7 24. Rd2 Qe6 25. Qd1 Nf6 26. f3 h6 27. e4 b5 28.
Nd6 Rd8 29. Nf5 Rxd2 30. Qxd2 Kh7 31. Kg2 Qc6 32. Qd3 Qc5 33. Bc3 Bb6 34. Nd6
b4 35. Bd2 Kg8 36. Nc4 Qf2+ 37. Kh3 Bd4 38. Bxb4 g5 39. Be7 Kg7 40. Nd6 h5 41.
Nf5+ Kg6 42. Bxf6 Kxf6 43. Qc4 g4+ 44. fxg4 Kg5 45. Qc1+ Be3 46. Qxe3+ 1-0

[Event "Superettan(Vaxjo-SodraSASS)"]
[Site "?"]
[Date "2019.03.31"]
[Round "9"]
[White "Winge, Stefan"]
[Black "Christiansen, Johan-Sebastian"]
[Result "0-1"]
[WhiteElo "2203"]
[BlackElo "2559"]
[PlyCount "54"]
[EventDate "2019.??.??"]
[SourceDate "2019.04.12"]
1. e4 e6 2. d4 d5 3. Nc3 Nf6 4. e5 Nfd7 5. f4 c5 6. Nf3 Nc6 7. Be3 Be7 8. Qd2
O-O 9. O-O-O c4 10. h4 b5 11. Nxb5 Rb8 12. Nd6 Bxd6 13. exd6 Nb6 14. Ne5 Qxd6
15. Nxc6 Qxc6 16. b3 Ba6 17. Qa5 cxb3 18. axb3 Rfc8 19. Rd2 Bxf1 20. Rxf1 Nd7
21. Kb1 Nf6 22. Qc3 Ne4 23. Rc1 Rb6 24. Rd3 Nxc3+ 25. Kb2 Ne2 26. c3 Nxc1 27.
Kxc1 Rcb8 0-1

[Event "Superettan(Burgsvik-Kungstornet)"]
[Site "?"]
[Date "2019.03.31"]
[Round "9"]
[White "Haitin, Ilja"]
[Black "Lyrberg, Patrik"]
[Result "1/2-1/2"]
[WhiteElo "2294"]
[BlackElo "2452"]
[PlyCount "120"]
1. e4 e5 2. Nf3 Nc6 3. Nc3 Nf6 4. d4 exd4 5. Nxd4 Bb4 6. Nxc6 bxc6 7. Bd3 d5 8.
exd5 cxd5 9. O-O O-O 10. Bg5 c6 11. Na4 a5 12. c4 Be7 13. Rc1 h6 14. Bh4 Rb8
15. b3 Be6 16. Rc2 Rb4 17. Qc1 Re8 18. Re1 dxc4 19. Bxc4 Bxc4 20. Rxc4 g5 21.
Bg3 Rxc4 22. Qxc4 Bb4 23. Rxe8+ Qxe8 24. h3 Ne4 25. Qe2 Qe6 26. Bc7 Qd5 27. Bb6
c5 28. Bc7 Kh7 29. Nb6 Qf5 30. Qc2 Kg6 31. Nc4 Nd2 32. Qxf5+ Kxf5 33. Nxa5 Ke4
34. f3+ Kd3 35. Kf2 Nb1 36. Nc4 Nc3 37. a4 Nd5 38. Bd8 Bc3 39. a5 Nb4 40. Bb6
Bd4+ 41. Kf1 Na6 42. Nd6 f6 43. g4 Kc2 44. b4 Nxb4 45. Nb5 Kd3 46. Nc7 c4 47.
Bxd4 Kxd4 48. a6 Nc6 49. Nb5+ Kd3 50. Kf2 c3 51. Na3 Na7 52. f4 gxf4 53. h4 Ke4
54. Nc2 f3 55. Kg3 Nc8 56. Kf2 Na7 57. Ne3 Nb5 58. Nc2 Na7 59. Ne3 Nc6 60. Nc2
Kf4 1/2-1/2

[Event "Superettan(Vaxjo-SodraSASS)"]
[Site "?"]
[Date "2019.03.31"]
[Round "9"]
[White "Solodovnichenko, Yuri"]
[Black "Furhoff, Johan"]
[Result "1-0"]
[WhiteElo "2574"]
[BlackElo "2337"]
[PlyCount "81"]
[EventDate "2019.??.??"]
1. e4 e5 2. Nf3 Nc6 3. d4 exd4 4. Nxd4 Bc5 5. Nb3 Bb6 6. Qe2 a5 7. Nc3 a4 8.
Nd2 Ba5 9. Nc4 Bxc3+ 10. bxc3 Nge7 11. Ba3 O-O 12. O-O-O Re8 13. f4 d6 14. Ne3
Be6 15. Qf2 f6 16. g4 Bxa2 17. c4 b5 18. cxb5 Na5 19. Rg1 d5 20. exd5 c6 21. g5
f5 22. dxc6 Qb6 23. Ng4 Qxf2 24. Nxf2 Nd5 25. Rd4 Re1+ 26. Kd2 Rae8 27. Rxa4
Rxf1 28. Rxf1 Nc4+ 29. Kd3 Nxa3 30. Rxa3 Re3+ 31. Kd4 Rxa3 32. c4 Ra4 33. Rc1
Nxf4 34. b6 Ne2+ 35. Ke3 Nxc1 36. b7 Rxc4 37. b8=Q+ Kf7 38. Qb7+ Kg6 39. c7 f4+
40. Kd2 Nb3+ 41. Ke1 1-0

[Event "Superettan(Vasteras II-SodraSASS)"]
[Site "?"]
[Date "2019.03.30"]
[Round "8"]
[White "Adler, Bo"]
[Black "Norberg, Erik"]
[Result "0-1"]
[WhiteElo "2176"]
[BlackElo "2209"]
[PlyCount "50"]
[EventDate "2019.??.??"]
1. d4 g6 2. e4 Bg7 3. Nc3 c6 4. Bc4 b5 5. Bb3 b4 6. Qf3 e6 7. Nce2 d5 8. Nh3
dxe4 9. Qxe4 Nf6 10. Qf3 Bb7 11. O-O Nbd7 12. Re1 O-O 13. Nef4 Nd5 14. c4 bxc3
15. bxc3 Qa5 16. Nxd5 cxd5 17. Bf4 Rac8 18. Rac1 Nf6 19. Bd6 Rfe8 20. Be5 Ne4
21. Bxg7 Kxg7 22. Re3 Re7 23. Nf4 Rec7 24. Rce1 Rxc3 25. Nd3 Rxd3 0-1

[Event "Superettan(Rockaden,Sthlm II-Alingsas)"]
[Site "?"]
[Date "2019.03.30"]
[Round "8"]
[White "Winsnes, Rikard"]
[Black "Engqvist, Thomas"]
[Result "0-1"]
[WhiteElo "2378"]
[BlackElo "2324"]
[PlyCount "144"]
1. e4 c6 2. d4 d5 3. e5 Bf5 4. h4 h6 5. g4 Bd7 6. Nd2 h5 7. gxh5 Bf5 8. Ne2 e6
9. Ng3 Nh6 10. Nb3 Bh7 11. Bg5 Qb6 12. Bd3 Bxd3 13. Qxd3 Qa6 14. Qd2 Nd7 15.
Rf1 f6 16. exf6 gxf6 17. Be3 O-O-O 18. a3 Ng4 19. O-O-O Nxe3 20. fxe3 Bh6 21.
Kb1 Rhg8 22. Qf2 Rg4 23. Ne2 Bxe3 24. Qxe3 Re4 25. Qg3 Qxe2 26. h6 Qh5 27. Rh1
Qxh6 28. h5 f5 29. Rdg1 f4 30. Qg7 Rh8 31. Qe7 Qf6 32. Qxf6 Nxf6 33. h6 f3 34.
Rf1 Rf4 35. Kc1 Ne4 36. Rh3 Rf6 37. Rhxf3 Rxf3 38. Rxf3 Rxh6 39. Rf1 b6 40. Nd2
Nxd2 41. Kxd2 Rh7 42. Rf2 c5 43. c3 Kc7 44. Re2 Kd6 45. Rg2 b5 46. Re2 Rh6 47.
Rg2 a5 48. Rf2 cxd4 49. cxd4 e5 50. dxe5+ Kxe5 51. Rg2 a4 52. Rg4 Kd6 53. Rg8
Kc5 54. Kc2 Rh2+ 55. Kb1 d4 56. Rc8+ Kd5 57. Kc1 Ke4 58. Rg8 Kd3 59. Rg3+ Kc4
60. Rg5 Re2 61. Rh5 Kd3 62. Rh3+ Re3 63. Rh1 Rf3 64. Rg1 Rh3 65. Kb1 Rh2 66.
Rg3+ Kd2 67. Rg5 d3 68. Rxb5 Rh1+ 69. Ka2 Ke3 70. Re5+ Kd4 71. Ra5 d2 72. Rxa4+
Ke3 0-1

[Event "Superettan(Upsala-Kungstornet)"]
[Site "?"]
[Date "2019.03.30"]
[Round "8"]
[White "von Bahr, Oskar"]
[Black "Burwick, Malte"]
[Result "1/2-1/2"]
[WhiteElo "2405"]
[BlackElo "2228"]
[PlyCount "96"]
1. b3 e5 2. Bb2 Nc6 3. e3 Nf6 4. Bb5 Bd6 5. Ne2 a6 6. Bxc6 dxc6 7. d3 O-O 8.
Nd2 Qe7 9. h3 Ba3 10. Bxa3 Qxa3 11. e4 Qc5 12. O-O Nh5 13. Kh2 a5 14. a4 Be6
15. Nf3 h6 16. Qd2 Nf6 17. Qc3 Qxc3 18. Nxc3 Nd7 19. d4 f6 20. Rad1 Rfe8 21.
Rd2 Rac8 22. Rfd1 Re7 23. g4 Bf7 24. Kg3 exd4 25. Nxd4 Nc5 26. f3 g6 27. h4 Kh7
28. Kf4 Re5 29. Nce2 Rce8 30. Nc1 Nxe4 31. fxe4 Rxe4+ 32. Kg3 Re3+ 33. Kf2 R3e4
34. Nf3 Be6 35. g5 fxg5 36. hxg5 Rf8 37. Rd4 Bd5 38. Rxd5 cxd5 39. Rxd5 Ref4
40. Rd3 hxg5 41. Kg3 Kh6 42. Ne2 Re4 43. Nc3 Re6 44. Nb5 Re7 45. Rc3 Kh5 46.
Nbd4 Rf4 47. Rc5 Rg4+ 48. Kf2 b6 1/2-1/2

[Event "Superettan(Vasteras II-SodraSASS)"]
[Site "?"]
[Date "2019.03.30"]
[Round "8"]
[White "Carlsson, Ludvig"]
[Black "Fors, Tomas"]
[Result "1-0"]
[WhiteElo "2177"]
[BlackElo "2160"]
[PlyCount "89"]
[EventDate "2019.??.??"]
1. d4 Nf6 2. c4 e6 3. Nf3 Bb4+ 4. Bd2 c5 5. Bxb4 cxb4 6. g3 b6 7. Bg2 Bb7 8.
O-O Qc7 9. Qb3 a5 10. a3 Na6 11. Rc1 d6 12. Ne1 Bxg2 13. Kxg2 O-O 14. Nd3 bxa3
15. Nxa3 e5 16. Nb5 Qc6+ 17. d5 Qd7 18. Qa3 e4 19. Ne1 Rad8 20. Nc2 Ng4 21. h3
Ne5 22. Ncd4 Nc5 23. b4 axb4 24. Qxb4 Ra8 25. Qb3 f5 26. Ne6 Rfc8 27. Rxa8 Rxa8
28. Qb4 Nxe6 29. dxe6 Qe7 30. Qxd6 Qxd6 31. Nxd6 Kf8 32. Nxf5 g6 33. Nd6 e3 34.
f4 Nc6 35. c5 Ke7 36. Nb5 Rb8 37. cxb6 Rxb6 38. Rc5 Kf6 39. Kf3 Rxb5 40. Rxc6
Rb3 41. Rc5 Kxe6 42. Re5+ Kf6 43. Rxe3 Rb1 44. Ra3 Rh1 45. Ra6+ 1-0

[Event "Superettan(Rockaden,Sthlm II-Alingsas)"]
[Site "?"]
[Date "2019.03.30"]
[Round "8"]
[White "Kenneskog, Theodor"]
[Black "Andreasson, Ingvar"]
[Result "0-1"]
[WhiteElo "2330"]
[BlackElo "2327"]
[PlyCount "66"]
1. d4 Nf6 2. c4 c5 3. d5 b5 4. cxb5 g6 5. Nc3 Bg7 6. e4 O-O 7. e5 Ne8 8. h4
Bxe5 9. Bh6 Bg7 10. Qd2 Nf6 11. h5 d6 12. Bxg7 Kxg7 13. hxg6 fxg6 14. Qh6+ Kg8
15. Bd3 Qe8 16. Nf3 Qf7 17. O-O-O Ng4 18. Qh4 h6 19. Ne4 Qf4+ 20. Kb1 Bf5 21.
Nfg5 Bxe4 22. Nxe4 Ne5 23. Qxe7 Nbd7 24. Nxd6 Rf6 25. Ne8 Rf7 26. Qe6 Nf8 27.
Qd6 Nxd3 28. Qc6 Qf5 29. Nd6 Qxf2 30. Rxd3 Qxg2 31. Rhd1 Rf2 32. Nc4 Qe4 33.
Qxc5 Rf1 0-1

[Event "Superettan(Upsala-Kungstornet)"]
[Site "?"]
[Date "2019.03.30"]
[Round "8"]
[White "Johansson, Thomas"]
[Black "Couso, Luis"]
[Result "1/2-1/2"]
[WhiteElo "2235"]
[BlackElo "2288"]
[PlyCount "48"]
1. d4 d5 2. c4 e6 3. Nc3 Nf6 4. Nf3 c5 5. cxd5 Nxd5 6. e4 Nxc3 7. bxc3 cxd4 8.
cxd4 Bb4+ 9. Bd2 Bxd2+ 10. Qxd2 O-O 11. Bc4 Nd7 12. O-O b6 13. Rfe1 Bb7 14. a4
Rc8 15. Bd3 Re8 16. a5 Re7 17. axb6 axb6 18. Qb4 Re8 19. Ra7 Bc6 20. Bb5 Bxb5
21. Qxb5 Rc7 22. Rxc7 Qxc7 23. Ne5 Rd8 24. Nc6 Ra8 1/2-1/2

[Event "Superettan(Vasteras II-SodraSASS)"]
[Site "?"]
[Date "2019.03.30"]
[Round "8"]
[White "Broden, Per"]
[Black "Petersson, Baldur Teodor"]
[Result "0-1"]
[WhiteElo "2008"]
[BlackElo "2152"]
[PlyCount "68"]
[EventDate "2019.??.??"]
1. e4 c5 2. Nf3 e6 3. d4 cxd4 4. c3 d3 5. Bxd3 Qc7 6. Be3 d6 7. Nbd2 Nf6 8. h3
Nbd7 9. Qe2 Be7 10. O-O O-O 11. Nd4 d5 12. Bc2 a6 13. Rac1 b6 14. c4 dxe4 15.
Nxe4 Nxe4 16. Bxe4 Bb7 17. Bb1 Bf6 18. Rfd1 Rfd8 19. b3 g6 20. Bh6 Nc5 21. Qe3
Qd7 22. b4 Bxd4 23. Qe2 Qc6 24. Qg4 Ne4 25. Rxd4 Rxd4 26. f3 Nc3 27. Qg5 e5 28.
Rxc3 Rd1+ 29. Kh2 f6 30. Qe3 Rxb1 31. Qd2 e4 32. b5 Qc7+ 33. Bf4 Rd8 34. Qe3
Qc5 0-1

[Event "Superettan(Rockaden,Sthlm II-Alingsas)"]
[Site "?"]
[Date "2019.03.30"]
[Round "8"]
[White "Bjorklund, Thomas"]
[Black "Tuomainen, Felix"]
[Result "1/2-1/2"]
[WhiteElo "2161"]
[BlackElo "2194"]
[PlyCount "49"]
1. c4 e5 2. g3 d6 3. Bg2 f5 4. e3 Nf6 5. Ne2 Be7 6. d4 O-O 7. Nbc3 c6 8. dxe5
dxe5 9. Qxd8 Rxd8 10. e4 Na6 11. O-O Nb4 12. Bg5 h6 13. Bxf6 Bxf6 14. Rad1 Be6
15. b3 Rxd1 16. Rxd1 Rd8 17. Rxd8+ Bxd8 18. Kf1 Kf7 19. exf5 Bxf5 20. Be4 g6
21. f3 Be7 22. Kf2 Bxe4 23. fxe4 Ke6 24. Ke3 Bg5+ 25. Kf3 1/2-1/2

[Event "Superettan(Upsala-Kungstornet)"]
[Site "?"]
[Date "2019.03.30"]
[Round "8"]
[White "Andersson, Fredrik"]
[Black "Kashebayev, Azamat"]
[Result "1-0"]
[WhiteElo "2287"]
[BlackElo "2149"]
[PlyCount "115"]
1. e4 e6 2. d4 d5 3. Nc3 Nf6 4. e5 Nfd7 5. f4 c5 6. Nf3 Nc6 7. Be3 Qb6 8. a3 c4
9. Ra2 Ne7 10. Be2 h5 11. O-O Nb8 12. b3 cxb3 13. cxb3 Bd7 14. b4 Nf5 15. Bf2
Be7 16. Qd2 g6 17. Rb1 Nc6 18. Na4 Qd8 19. Nc5 b6 20. Nxd7 Qxd7 21. Rc2 Nb8 22.
Rbc1 O-O 23. Qd3 Bd8 24. Rc3 a6 25. Qc2 b5 26. h3 Bb6 27. g4 hxg4 28. hxg4 Ne7
29. Bh4 Nbc6 30. Rxc6 Nxc6 31. Qxc6 Qxc6 32. Rxc6 Rab8 33. Be7 Rfc8 34. Rxc8+
Rxc8 35. Bc5 Bxc5 36. dxc5 Kf8 37. Nd4 Ke7 38. Kg2 Rh8 39. Bf3 Rc8 40. Kg3 Rh8
41. Bg2 Rg8 42. Bf1 Rh8 43. Bg2 Rg8 44. Bh3 Rh8 45. f5 gxf5 46. gxf5 exf5 47.
Nxf5+ Ke6 48. Nd6+ Ke7 49. c6 Rg8+ 50. Kf4 Kd8 51. Nxf7+ Kc7 52. Bd7 Rg1 53.
Ke3 Re1+ 54. Kd2 Re4 55. e6 Rd4+ 56. Ke3 Re4+ 57. Kd3 Re1 58. Nh6 1-0

[Event "Superettan(Vasteras II-SodraSASS)"]
[Site "?"]
[Date "2019.03.30"]
[Round "8"]
[White "Janse, Love"]
[Black "Franzen, Bo"]
[Result "1-0"]
[WhiteElo "2187"]
[BlackElo "1734"]
[PlyCount "51"]
[EventDate "2019.??.??"]
1. e4 e5 2. Nc3 Bc5 3. f4 Bxg1 4. Rxg1 Qh4+ 5. g3 Qxh2 6. Rg2 Qh1 7. fxe5 d6 8.
exd6 Nf6 9. d4 Bh3 10. dxc7 Na6 11. Rf2 Bg4 12. Qd3 Nxc7 13. Bf4 Rc8 14. Nb5
Nxb5 15. Qxb5+ Nd7 16. Kd2 O-O 17. Re1 Nf6 18. Bd3 Qh3 19. Qxb7 Bh5 20. e5 Bg6
21. Bxg6 hxg6 22. exf6 Qf5 23. c3 Qa5 24. fxg7 Rfd8 25. Be5 f5 26. Rh1 1-0

[Event "Superettan(Rockaden,Sthlm II-Alingsas)"]
[Site "?"]
[Date "2019.03.30"]
[Round "8"]
[White "Zadruzny, Nicolaj"]
[Black "Wengholm, Anders"]
[Result "0-1"]
[WhiteElo "2283"]
[BlackElo "2209"]
[PlyCount "96"]
1. e4 c5 2. Nf3 d6 3. Bb5+ Nd7 4. c3 Ngf6 5. Qe2 a6 6. Ba4 e6 7. O-O Be7 8. d4
O-O 9. Bc2 e5 10. dxe5 Nxe5 11. Nxe5 dxe5 12. Rd1 Qc7 13. c4 b5 14. b3 b4 15.
Nd2 Rd8 16. Bb2 Bb7 17. Nf1 Rxd1 18. Rxd1 Rd8 19. Re1 Re8 20. f3 Bf8 21. g4 Nd7
22. Ne3 Nb8 23. Nd5 Qd8 24. Rd1 Qg5 25. Bc1 Qh4 26. Be3 Nc6 27. Qg2 Nd4 28. Bd3
Qd8 29. g5 Bxd5 30. exd5 g6 31. h4 a5 32. h5 Qd7 33. Kf2 a4 34. Qh2 Bg7 35. h6
Bf8 36. Bxd4 exd4 37. Qf4 Bd6 38. Qf6 Be5 39. Qc6 Qe7 40. Be4 Rd8 41. Rg1 axb3
42. axb3 Bf4 43. Kf1 Bxg5 44. d6 Rxd6 45. Qxc5 Bxh6 46. Qxb4 d3 47. Bxd3 Kf8
48. Qc3 Qe3 0-1

[Event "Superettan(Upsala-Kungstornet)"]
[Site "?"]
[Date "2019.03.30"]
[Round "8"]
[White "Wagner, Stephan"]
[Black "Backlund, Anders"]
[Result "1/2-1/2"]
[WhiteElo "2218"]
[BlackElo "2307"]
[PlyCount "50"]
1. c4 c5 2. Nc3 Nc6 3. g3 g6 4. Bg2 Bg7 5. d3 d6 6. e4 Nf6 7. Nge2 Bg4 8. h3
Bxe2 9. Nxe2 Nd7 10. O-O Nf8 11. Rb1 Ne6 12. a3 a5 13. Nc3 O-O 14. f4 Ned4 15.
Kh1 Rb8 16. Nb5 Nxb5 17. cxb5 Nd4 18. a4 e6 19. Bd2 b6 20. Bc3 Rc8 21. Qd2 d5
22. e5 Nf5 23. Qf2 f6 24. g4 Ne7 25. exf6 Bxf6 1/2-1/2

[Event "Superettan(Vasteras II-SodraSASS)"]
[Site "?"]
[Date "2019.03.30"]
[Round "8"]
[White "Alquist, Erik"]
[Black "Nordebrink, Johan"]
[Result "1-0"]
[WhiteElo "2034"]
[BlackElo "2117"]
[PlyCount "95"]
[EventDate "2019.??.??"]
1. e4 d5 2. exd5 Nf6 3. Bb5+ Nbd7 4. d4 Nxd5 5. Nf3 c6 6. Be2 g6 7. O-O Bg7 8.
c4 N5b6 9. Nc3 O-O 10. Bf4 Nf6 11. h3 Be6 12. b3 Qc8 13. Rc1 Rd8 14. Qd2 Bf5
15. Qe3 Qe6 16. Ne5 h5 17. Rfe1 Nbd7 18. Bf3 Nxe5 19. Bxe5 Kh7 20. Rcd1 Bc2 21.
Rc1 Qf5 22. Bf4 c5 23. d5 Nd7 24. Ne2 Bd3 25. Ng3 Qf6 26. Qxd3 Qxf4 27. Nxh5
Qd4 28. Qc2 Be5 29. Re4 Qb2 30. Qxb2 Bxb2 31. Rc2 Bd4 32. Ng3 Ne5 33. Ne2 Nxf3+
34. gxf3 Bf6 35. Ng3 Kg7 36. Kg2 b5 37. Rg4 Kf8 38. f4 bxc4 39. bxc4 Rab8 40.
f5 gxf5 41. Nxf5 a5 42. Re4 Rb4 43. h4 a4 44. Rce2 Rd7 45. h5 a3 46. h6 Rb2 47.
h7 Rxe2 48. Rg4 1-0

[Event "Superettan(Rockaden,Sthlm II-Alingsas)"]
[Site "?"]
[Date "2019.03.30"]
[Round "8"]
[White "Bergre, Joachim"]
[Black "Crevatin, Leo"]
[Result "0-1"]
[WhiteElo "1944"]
[BlackElo "2157"]
[PlyCount "80"]
1. Nf3 d5 2. d4 Nf6 3. g3 c6 4. Bg2 Bg4 5. h3 Bf5 6. O-O h6 7. Nbd2 e6 8. c4
Nbd7 9. b3 Bd6 10. Bb2 Qc7 11. c5 Be7 12. b4 O-O 13. Qa4 a5 14. b5 cxb5 15.
Qxb5 a4 16. Ba3 Rfc8 17. Rac1 Qc6 18. Qb2 Bf8 19. Rfd1 b6 20. cxb6 Qxb6 21.
Qxb6 Nxb6 22. Bxf8 Kxf8 23. Ne5 Bc2 24. Re1 a3 25. Nb1 Nfd7 26. Nxd7+ Nxd7 27.
Bf1 Bxb1 28. Rxc8+ Rxc8 29. Rxb1 Rc2 30. Rb7 Nf6 31. e3 g6 32. Rb8+ Kg7 33. Bd3
Rxa2 34. Ra8 Ra1+ 35. Kg2 a2 36. Bc2 g5 37. Bb3 Rb1 38. Bxa2 Rb2 39. g4 Ne4 40.
Ra3 Nxf2 0-1

[Event "Superettan(Upsala-Kungstornet)"]
[Site "?"]
[Date "2019.03.30"]
[Round "8"]
[White "Aronsson, Marten"]
[Black "Sittenfeld, Johan"]
[Result "1/2-1/2"]
[WhiteElo "2272"]
[BlackElo "2153"]
[PlyCount "133"]
1. d4 Nf6 2. Nf3 e6 3. g3 d5 4. Bg2 Be7 5. O-O O-O 6. c4 c6 7. Qb3 b6 8. Nc3
Ba6 9. cxd5 cxd5 10. Ne5 Bb7 11. Bf4 Nc6 12. Nxc6 Bxc6 13. a4 Bd6 14. Bxd6 Qxd6
15. Rfc1 Rfc8 16. e3 Qd7 17. Bf1 Rab8 18. Rc2 Ne8 19. Rac1 Nd6 20. Qa2 a5 21.
b3 g6 22. Qa3 Kg7 23. h4 h5 24. Ba6 Bb7 25. Bd3 Bc6 26. Ba6 Bb7 27. Bb5 Bc6 28.
Bd3 Ra8 29. Ne2 Bb7 30. Nf4 Rxc2 31. Rxc2 Rc8 32. Qc1 Rxc2 33. Qxc2 Nf5 34.
Bxf5 exf5 35. Nd3 Qd6 36. Kg2 Ba6 37. Ne5 Bb7 38. Qc3 Kg8 39. Qd3 Kg7 40. Qb5
Bc8 41. Qe8 Be6 42. Nd3 Qa3 43. Qb5 Qd6 44. Ne5 Kg8 45. Qe8+ Kg7 46. Nd3 Qa3
47. Qb5 Qd6 48. Qe8 Qa3 49. Nf4 Qd6 50. Kh2 Kh7 51. Nh3 Kg7 52. Ng5 Qd7 53. Qb8
Qc6 54. Kg2 Bd7 55. Qe5+ Kg8 56. Qe7 Be6 57. Nf3 Kg7 58. Qd8 Qb7 59. Ne5 Qa6
60. Nd7 Bxd7 61. Qxd7 Qa8 62. Qc7 Qe8 63. Qxb6 Qe4+ 64. Kg1 Qb1+ 65. Kg2 Qe4+
66. Kh2 Qc2 67. Kg1 1/2-1/2

[Event "Superettan(Rockaden,Sthlm II-Alingsas)"]
[Site "?"]
[Date "2019.03.30"]
[Round "8"]
[White "Nikolic, Vladan"]
[Black "Wallenas, Joakim"]
[Result "1/2-1/2"]
[WhiteElo "2157"]
[BlackElo "1963"]
[PlyCount "152"]
1. d4 Nf6 2. c4 e6 3. Nf3 c5 4. Nc3 cxd4 5. Nxd4 Nc6 6. a3 d5 7. cxd5 Nxd5 8.
Nxc6 bxc6 9. Qc2 Qa5 10. Bd2 Bb4 11. Rc1 Bxc3 12. Bxc3 Nxc3 13. Qxc3 Qxc3+ 14.
Rxc3 Bd7 15. Kd2 Rb8 16. Kc2 Ke7 17. e3 Rb6 18. Rc5 Rhb8 19. b4 Rd8 20. Ra5 Rb7
21. Ba6 Rc7 22. Be2 c5 23. b5 Rb8 24. Kc3 c4 25. Rb1 e5 26. Rb4 Be6 27. Rba4 a6
28. Rb4 axb5 29. Rbxb5 Rxb5 30. Rxb5 Ra7 31. Bxc4 Rxa3+ 32. Kb4 Ra1 33. Rxe5
Rb1+ 34. Ka3 Kf6 35. Re4 Bxc4 36. Rxc4 Rg1 37. Rf4+ Ke6 38. Rg4 g6 39. Kb2 h5
40. Rg3 h4 41. Rg4 Kf5 42. h3 g5 43. Kc2 Rf1 44. f3 Kg6 45. f4 f6 46. Kd3 Rf2
47. fxg5 f5 48. Rxh4 Rxg2 49. Rh8 Kg7 50. Rh4 Kg6 51. Rh8 Kg7 52. Ra8 Rxg5 53.
Ra4 Rg3 54. Rh4 Kg6 55. Ke2 Rg2+ 56. Kf3 Ra2 57. Rb4 Ra1 58. Rb6+ Kg5 59. Rb5
Kg6 60. Rd5 Rf1+ 61. Kg2 Re1 62. Rd3 Kg5 63. Ra3 Rb1 64. Ra5 Kg6 65. h4 Rb4 66.
Ra6+ Kg7 67. h5 Rh4 68. Kg3 Rxh5 69. Kf4 Kf7 70. Ke5 Kg7 71. Re6 Rg5 72. Re7+
Kg6 73. Re6+ Kg7 74. Kf4 Kf7 75. Kxg5 Kxe6 76. Kf4 Kf6 1/2-1/2

[Event "Superettan(Upsala-Kungstornet)"]
[Site "?"]
[Date "2019.03.30"]
[Round "8"]
[White "Svensson, Mans"]
[Black "Henriksson, Johan"]
[Result "0-1"]
[WhiteElo "2147"]
[BlackElo "2262"]
[PlyCount "126"]
1. d4 d5 2. c4 dxc4 3. Nf3 Nf6 4. e3 e6 5. Bxc4 c5 6. Nc3 Nc6 7. O-O a6 8. Bb3
cxd4 9. exd4 Be7 10. Bg5 O-O 11. a3 Nd5 12. Bxe7 Ndxe7 13. Qd3 Qb6 14. Bc2 g6
15. Qd2 Kg7 16. Rfd1 Rd8 17. Na4 Qb5 18. Nc3 Qh5 19. Qf4 Nd5 20. Nxd5 Qxd5 21.
Be4 Qd6 22. Qxd6 Rxd6 23. d5 exd5 24. Rxd5 Rxd5 25. Bxd5 Ne7 26. Be4 Bf5 27.
Bxf5 Nxf5 28. Rc1 Rd8 29. Kf1 Rd7 30. Rc2 f6 31. Ke1 Kf7 32. Rd2 Rc7 33. Kd1 h5
34. Rc2 Rxc2 35. Kxc2 Ke6 36. Kd3 Kd5 37. Nd2 Nd6 38. Nb1 g5 39. Nc3+ Ke5 40.
g3 b5 41. b3 f5 42. Ke3 f4+ 43. gxf4+ gxf4+ 44. Kd3 h4 45. f3 Nf5 46. Ne2 Ne3
47. Ng1 Nf1 48. h3 Ng3 49. Kc3 a5 50. Kd3 Kd5 51. Kc3 Kc5 52. b4+ axb4+ 53.
axb4+ Kd5 54. Kd3 Ke5 55. Kc3 Nf1 56. Ne2 Ne3 57. Kb3 Nf5 58. Kc3 Ne3 59. Kb3
Nd1 60. Nc3 Nf2 61. Nxb5 Nxh3 62. Kc4 Ng5 63. Nd4 h3 0-1